logo

Bir Sreshtho Munshi Abdur Rouf Library
Jhenaidah Cadet College

The teaching of chemistry in tropical secondary schools / (Record no. 9055)

MARC details
000 -LEADER
fixed length control field 00681cam a2200229u 4500
001 - CONTROL NUMBER
control field 9055
003 - CONTROL NUMBER IDENTIFIER
control field BD-JhCC
005 - DATE AND TIME OF LATEST TRANSACTION
control field 20180307195934.0
008 - FIXED-LENGTH DATA ELEMENTS--GENERAL INFORMATION
fixed length control field 180306s1953 enka 000 0 eng
010 ## - LIBRARY OF CONGRESS CONTROL NUMBER
LC control number 54002212
035 ## - SYSTEM CONTROL NUMBER
System control number (BD-JhCC)9055
040 ## - CATALOGING SOURCE
Original cataloging agency DLC
Transcribing agency CarP
Modifying agency DLC
-- BD-JhCC
050 00 - LIBRARY OF CONGRESS CALL NUMBER
Classification number QD40
Item number .N42 1953
082 ## - DEWEY DECIMAL CLASSIFICATION NUMBER
Classification number 540.712
Item number NEW 1953
100 1# - MAIN ENTRY--PERSONAL NAME
Personal name Newbury, Norman Frederick.
245 14 - TITLE STATEMENT
Title The teaching of chemistry in tropical secondary schools /
Statement of responsibility, etc. Norman Frederick Newbury
260 ## - PUBLICATION, DISTRIBUTION, ETC.
Place of publication, distribution, etc. London,
Name of publisher, distributor, etc. Oxford University Press,
Date of publication, distribution, etc. 1953.
300 ## - PHYSICAL DESCRIPTION
Extent 299 p. :
Other physical details illus.
Dimensions 22 cm.
504 ## - BIBLIOGRAPHY, ETC. NOTE
Bibliography, etc. note Includes Index.
650 #0 - SUBJECT ADDED ENTRY--TOPICAL TERM
Topical term or geographic name entry element Chemistry
General subdivision Study and teaching.
942 ## - ADDED ENTRY ELEMENTS (KOHA)
Source of classification or shelving scheme Dewey Decimal Classification
Koha item type Books
Holdings
Withdrawn status Lost status Source of classification or shelving scheme Damaged status Not for loan Home library Current library Shelving location Date acquired Total Checkouts Full call number Barcode Date last seen Copy number Price effective from Koha item type
    Dewey Decimal Classification     JCC Rouf Library JCC Rouf Library General Stacks 03/07/2018   540.712 NEW 1953 11685 03/07/2018 C-1 03/07/2018 Books

JCC Library | Contacts | JCC Home

Last Update on 23 September 2017
Copyright @ 2017-2020 JCC Rouf Library
Rouf Library, Jhenidah Cadet College (JCC), Bangladesh